[Event "FRA-ch"]
[Site "?"]
[Date "1994.??.??"]
[Round "?"]
[White "Anic, Darko"]
[Black "Bauer, Christian"]
[Result "0-1"]
[WhiteElo "2445"]
[BlackElo "2420"]
[PlyCount "106"]
[EventDate "1994.08.??"]
[Source "ChessBase"]
[SourceDate "1996.11.15"]

1. Nf3 Nf6 2. c4 g6 3. b3 Bg7 4. g3 d6 5. Bb2 O-O 6. Bg2 e5 7. Nc3 c6 8. O-O
Re8 9. d3 Na6 10. Rc1 h6 11. h3 Be6 12. e4 Qd7 13. Kh2 c5 14. Ne1 h5 15. Qd2
Nb4 16. a3 Nc6 17. Nd5 Nd4 18. Nxf6+ Bxf6 19. Bxd4 cxd4 20. f4 h4 21. Nf3 hxg3+
22. Kxg3 Kg7 23. fxe5 dxe5 24. Ng5 Rh8 25. Rf3 Rh5 26. Nxe6+ Qxe6 27. Rcf1 Bh4+
28. Kh2 f6 29. Qa5 Qe7 30. b4 Bg5 31. Rb1 Bf4+ 32. Kg1 Kh8 33. Kf1 Qh7 34. Qd5
Rf8 35. c5 f5 36. b5 fxe4 37. Qxe4 Rhf5 38. Ke2 Qe7 39. c6 Qxa3 40. Kf1 Qa2 41.
Rd1 Qb3 42. Re1 bxc6 43. bxc6 Be3 44. c7 Qc2 45. Qxe5+ Rxe5 46. Rxf8+ Kg7 47.
c8=Q Rf5+ 48. Rxf5 Qxc8 49. Rf3 Qc2 50. Rfxe3 dxe3 51. Rxe3 a5 52. Be4 a4 53.
Re2 Qb3 0-1

[Event "FRA-ch"]
[Site "?"]
[Date "1994.??.??"]
[Round "?"]
[White "Anic, Darko"]
[Black "Bricard, Emmanuel"]
[Result "1/2-1/2"]
[WhiteElo "2445"]
[BlackElo "2455"]
[PlyCount "34"]
[EventDate "1994.08.??"]
[Source "ChessBase"]
[SourceDate "1996.11.15"]

1. c4 f5 2. d4 e6 3. g3 Nf6 4. Bg2 d5 5. Nf3 c6 6. O-O Bd6 7. b3 Qe7 8. a4 b6
9. Ba3 Bb7 10. a5 Na6 11. Bxd6 Qxd6 12. Ne5 O-O 13. e3 Rac8 14. axb6 axb6 15.
Nc3 Nb4 16. Na2 Ra8 17. Nxb4 Qxb4 1/2-1/2

[Event "FRA-ch"]
[Site "?"]
[Date "1994.??.??"]
[Round "?"]
[White "Anic, Darko"]
[Black "Koch, Jean Rene"]
[Result "0-1"]
[WhiteElo "2445"]
[BlackElo "2475"]
[PlyCount "110"]
[EventDate "1994.08.??"]
[Source "ChessBase"]
[SourceDate "1996.11.15"]

1. Nf3 c5 2. c4 b6 3. Nc3 Bb7 4. e4 d6 5. d4 cxd4 6. Nxd4 Nf6 7. f3 e6 8. Bg5
a6 9. Be2 Nbd7 10. O-O Be7 11. Qd2 O-O 12. Rfd1 Qc7 13. Rac1 Rad8 14. Bf1 Rfe8
15. Be3 Qb8 16. Qf2 Rc8 17. Nb3 Bd8 18. Qg3 Ne5 19. Nd2 Ng6 20. Qf2 Bc6 21. b4
Bc7 22. b5 axb5 23. cxb5 Ba8 24. g3 d5 25. exd5 Nxd5 26. Nxd5 Bxd5 27. Nc4 Bxc4
28. Rxc4 Ne7 29. Rdc1 Nd5 30. Kg2 Re7 31. Qe2 h6 32. Bf2 Rd8 33. Qc2 Red7 34.
Qb3 Ne7 35. R1c2 Be5 36. a4 Bd4 37. Bxd4 Rxd4 38. Qc3 Rxc4 39. Qxc4 Nd5 40. Kf2
Qe5 41. Qe4 Qa1 42. Qc4 Ne7 43. Be2 Rc8 44. Qa2 Qd4+ 45. Kg2 Rxc2 46. Qxc2 Nd5
47. Qe4 Qd2 48. Kh3 g6 49. Qd3 Qxd3 50. Bxd3 Kf8 51. Bc4 Ke7 52. Bxd5 exd5 53.
Kg4 Kd6 54. Kf4 Kc5 55. Ke5 f6+ 0-1

[Event "FRA-ch"]
[Site "?"]
[Date "1994.??.??"]
[Round "?"]
[White "Anic, Darko"]
[Black "Santo Roman, Marc"]
[Result "1/2-1/2"]
[WhiteElo "2445"]
[BlackElo "2420"]
[PlyCount "20"]
[EventDate "1994.08.??"]
[Source "ChessBase"]
[SourceDate "1996.11.15"]

1. Nf3 d6 2. d4 f5 3. g3 g6 4. Bg2 Bg7 5. O-O Nf6 6. Nbd2 O-O 7. Re1 Nc6 8. c3
e5 9. dxe5 dxe5 10. e4 f4 1/2-1/2

[Event "FRA-ch"]
[Site "?"]
[Date "1994.??.??"]
[Round "?"]
[White "Anic, Darko"]
[Black "Seret, Jean Luc"]
[Result "1/2-1/2"]
[WhiteElo "2445"]
[BlackElo "2425"]
[PlyCount "46"]
[EventDate "1994.08.??"]
[Source "ChessBase"]
[SourceDate "1996.11.15"]

1. c4 d6 2. g3 g6 3. Bg2 Bg7 4. Nc3 e5 5. e3 Nf6 6. Nge2 O-O 7. O-O c6 8. d4
Re8 9. Qc2 Na6 10. Rd1 Qe7 11. b3 Bf5 12. Qd2 e4 13. Ba3 Qd7 14. b4 Nc7 15. b5
cxb5 16. Nxb5 Nxb5 17. cxb5 Bh3 18. Rdc1 Bf8 19. Nc3 Rac8 20. Qd1 h5 21. Rc2
Bg4 22. Qf1 Rc7 23. Rac1 Nh7 1/2-1/2

[Event "FRA-ch"]
[Site "?"]
[Date "1994.??.??"]
[Round "?"]
[White "Anic, Darko"]
[Black "Vareille, Francois"]
[Result "1-0"]
[WhiteElo "2445"]
[BlackElo "2430"]
[PlyCount "77"]
[EventDate "1994.08.??"]
[Source "ChessBase"]
[SourceDate "1996.11.15"]

1. c4 e5 2. Nc3 Nc6 3. Nf3 f5 4. d4 e4 5. Ng5 Be7 6. Nh3 Nf6 7. Bg5 O-O 8. e3
d6 9. Nf4 Qe8 10. Be2 Nd8 11. Nb5 Qd7 12. d5 c5 13. h4 a6 14. Nc3 Rb8 15. a4
Qc7 16. Qd2 Bd7 17. f3 Nf7 18. Ne6 Bxe6 19. dxe6 Ne5 20. f4 Nc6 21. g4 fxg4 22.
Bxf6 Bxf6 23. Nd5 Qa5 24. Qxa5 Nxa5 25. Bxg4 Nxc4 26. e7 Bxe7 27. Nxe7+ Kf7 28.
Nd5 Nxb2 29. Bf5 b5 30. axb5 axb5 31. Ra7+ Kg8 32. Rg1 g6 33. Bxg6 hxg6 34.
Rxg6+ Kh8 35. Rgg7 Rf5 36. Rh7+ Kg8 37. Rag7+ Kf8 38. Ne7 Nd3+ 39. Kd2 1-0

[Event "FRA-ch"]
[Site "?"]
[Date "1994.??.??"]
[Round "?"]
[White "Apicella, Manuel"]
[Black "Anic, Darko"]
[Result "1-0"]
[WhiteElo "2465"]
[BlackElo "2445"]
[PlyCount "37"]
[EventDate "1994.08.??"]
[Source "ChessBase"]
[SourceDate "1996.11.15"]

1. e4 c6 2. d4 d5 3. Nc3 dxe4 4. Nxe4 Nf6 5. Nxf6+ gxf6 6. Bc4 Bf5 7. Be3 h5 8.
Ne2 h4 9. Nf4 e6 10. Qe2 Bd6 11. O-O-O Qc7 12. Nh5 Ke7 13. Ng7 Bg6 14. Qg4 Rg8
15. Bh6 Kd8 16. Qxg6 Bf4+ 17. Bxf4 Qxf4+ 18. Kb1 Ke7 19. Nxe6 1-0

[Event "FRA-ch"]
[Site "?"]
[Date "1994.??.??"]
[Round "?"]
[White "Apicella, Manuel"]
[Black "Chabanon, Jean Luc"]
[Result "1-0"]
[WhiteElo "2465"]
[BlackElo "2475"]
[PlyCount "81"]
[EventDate "1994.08.??"]
[Source "ChessBase"]
[SourceDate "1996.11.15"]

1. e4 e5 2. Nf3 Nf6 3. Nxe5 d6 4. Nf3 Nxe4 5. Qe2 Qe7 6. d3 Nf6 7. Bg5 Qxe2+ 8.
Bxe2 Be7 9. Nc3 c6 10. O-O-O Na6 11. Rde1 Nc7 12. Bd1 Be6 13. Nd4 Kd7 14. Bd2
c5 15. Nxe6 fxe6 16. f4 d5 17. a4 Bd6 18. Rhf1 g6 19. Ne2 Rhf8 20. Ng1 d4 21.
Nf3 Nfd5 22. g3 b6 23. Ne5+ Bxe5 24. fxe5 h5 25. Bf3 Rac8 26. Be4 Ne7 27. Bg5
Ncd5 28. h3 Ne3 29. Bxe3 dxe3 30. Rf6 c4 31. Rxe3 Nf5 32. Rxf8 Rxf8 33. Bxf5
exf5 34. dxc4 Ke6 35. a5 bxa5 36. Ra3 h4 37. gxh4 f4 38. Kd2 Kxe5 39. Rxa5+ Ke6
40. Ke2 Re8 41. Rxa7 1-0

[Event "FRA-ch"]
[Site "?"]
[Date "1994.??.??"]
[Round "?"]
[White "Apicella, Manuel"]
[Black "Hauchard, Arnaud"]
[Result "1/2-1/2"]
[WhiteElo "2465"]
[BlackElo "2470"]
[PlyCount "91"]
[EventDate "1994.08.??"]
[Source "ChessBase"]
[SourceDate "1996.11.15"]

1. e4 c5 2. Nf3 Nc6 3. d4 cxd4 4. Nxd4 e5 5. Nb5 d6 6. c4 Be7 7. N1c3 a6 8. Na3
Be6 9. Nc2 Bg5 10. Be2 Bxc1 11. Rxc1 Nf6 12. O-O O-O 13. Qd2 Qb6 14. b3 Rfd8
15. Rfd1 Rac8 16. Bf3 Qa5 17. a4 Qb6 18. Rb1 Ne7 19. Ne3 Nc6 20. Ne2 Qb4 21.
Qxb4 Nxb4 22. Rd2 Kf8 23. Rbd1 Ke7 24. g4 h6 25. h4 g6 26. Kg2 Rc6 27. Rh1 Nd7
28. h5 Rh8 29. g5 hxg5 30. hxg6 Rxh1 31. g7 Rc8 32. Kxh1 Kf6 33. Rxd6 Kxg7 34.
Bg4 Nc5 35. Ng3 Kf8 36. Kg1 Ke8 37. Rb6 a5 38. Rb5 Nxb3 39. Bxe6 fxe6 40. Rxb7
Nc5 41. Rb5 Nxa4 42. Rxa5 Nc5 43. Ra7 Nd7 44. Kg2 Nd3 45. Ngf1 Rb8 46. Ng4
1/2-1/2

[Event "FRA-ch"]
[Site "?"]
[Date "1994.??.??"]
[Round "?"]
[White "Apicella, Manuel"]
[Black "Prie, Eric"]
[Result "1-0"]
[WhiteElo "2465"]
[BlackElo "2475"]
[PlyCount "51"]
[EventDate "1994.08.??"]
[Source "ChessBase"]
[SourceDate "1996.11.15"]

1. e4 d5 2. exd5 Qxd5 3. Nc3 Qa5 4. d4 c6 5. Nf3 Bf5 6. Bc4 Nf6 7. Bd2 e6 8.
Qe2 Bb4 9. O-O-O b5 10. Bb3 Nbd7 11. Kb1 O-O 12. Nh4 Bg6 13. Nxg6 hxg6 14. h4
Qb6 15. h5 gxh5 16. g4 hxg4 17. f3 g3 18. Qg2 Rfe8 19. Qxg3 Nf8 20. Bg5 Be7 21.
Ne4 Nxe4 22. Qh3 f5 23. Bxe7 Nd2+ 24. Rxd2 Rxe7 25. Qxf5 Rf7 26. Bxe6 1-0

[Event "FRA-ch"]
[Site "?"]
[Date "1994.??.??"]
[Round "?"]
[White "Apicella, Manuel"]
[Black "Relange, Eloi"]
[Result "1-0"]
[WhiteElo "2465"]
[BlackElo "2445"]
[PlyCount "79"]
[EventDate "1994.08.??"]
[Source "ChessBase"]
[SourceDate "1996.11.15"]

1. e4 e5 2. Nf3 d6 3. Bc4 Nf6 4. Nc3 Be7 5. d4 Nbd7 6. O-O O-O 7. Re1 c6 8. a4
b6 9. h3 Bb7 10. Bg5 a6 11. dxe5 dxe5 12. Nh4 g6 13. Bh6 Re8 14. Nf3 Bf8 15.
Qd2 Qc7 16. Bxf8 Nxf8 17. Qg5 Kg7 18. Nh4 Ng8 19. Rad1 h6 20. Qg3 Kh7 21. Re3
b5 22. Bb3 Ne6 23. Red3 Bc8 24. Rd6 Nf4 25. Qe3 Re7 26. Qc5 Bb7 27. Kh2 Qc8 28.
Nf3 Qe8 29. Qb6 Qc8 30. Rd8 Qc7 31. Qxc7 Rxc7 32. Nxe5 b4 33. Na2 c5 34. Bxf7
Ne7 35. R8d7 Rac8 36. g3 Ne2 37. c3 Bxe4 38. Re1 Rxd7 39. Nxd7 Bf3 40. Ne5 1-0

[Event "FRA-ch"]
[Site "?"]
[Date "1994.??.??"]
[Round "?"]
[White "Apicella, Manuel"]
[Black "Roos, Jean Luc"]
[Result "1-0"]
[WhiteElo "2465"]
[BlackElo "2405"]
[PlyCount "81"]
[EventDate "1994.08.??"]
[Source "ChessBase"]
[SourceDate "1996.11.15"]

1. e4 e6 2. d4 d5 3. Nc3 Bb4 4. e5 c5 5. a3 Bxc3+ 6. bxc3 Ne7 7. Qg4 Qc7 8. Bd3
cxd4 9. Ne2 dxc3 10. Qxg7 Rg8 11. Qxh7 Nbc6 12. Bf4 Bd7 13. Bg3 O-O-O 14. O-O
Rdf8 15. Rfe1 Qa5 16. Qh4 Qc5 17. Reb1 Nf5 18. Bxf5 exf5 19. h3 Be6 20. Rd1 Rd8
21. Nd4 Ne7 22. Nb3 Qc7 23. Qd4 Kb8 24. Rab1 Rc8 25. Kh2 Ng6 26. f4 b6 27. a4
Qe7 28. Qf2 Rc4 29. a5 b5 30. a6 Qc7 31. Nd4 b4 32. Nb5 Qb6 33. Qxb6+ axb6 34.
Nd6 Rxf4 35. Bxf4 Nxf4 36. Rxb4 Rxg2+ 37. Kh1 Rxc2 38. Rxf4 Rb2 39. Rc1 Rb3 40.
h4 d4 41. Rxd4 1-0

[Event "FRA-ch"]
[Site "?"]
[Date "1994.??.??"]
[Round "?"]
[White "Bauer, Christian"]
[Black "Koch, Jean Rene"]
[Result "0-1"]
[WhiteElo "2420"]
[BlackElo "2475"]
[PlyCount "120"]
[EventDate "1994.08.??"]
[Source "ChessBase"]
[SourceDate "1996.11.15"]

1. Nf3 c5 2. g3 b6 3. Bg2 Bb7 4. O-O Nf6 5. d3 d6 6. e4 e6 7. Nh4 Qc7 8. f4 Be7
9. Nd2 Nc6 10. c3 Nd7 11. Nhf3 O-O 12. a3 Rae8 13. b4 d5 14. b5 Na5 15. c4 dxc4
16. dxc4 f5 17. e5 g5 18. Bb2 gxf4 19. gxf4 Kh8 20. h3 Rg8 21. Kh2 Nf8 22. Qe2
Ng6 23. Qe3 Nh4 24. Bh1 Bxf3 25. Bxf3 Nxf3+ 26. Qxf3 Qb7 27. Qe2 Rg6 28. Rg1
Reg8 29. Bc3 Bf8 30. Rxg6 Rxg6 31. Bxa5 bxa5 32. Rg1 Bh6 33. Qe3 Qd7 34. Rxg6
hxg6 35. Kg3 a4 36. Nf3 Bf8 37. Qd2 Qc7 38. Ng5 Qc8 39. Qa5 Be7 40. Nf7+ Kg7
41. Nd6 Qd7 42. Qa6 Bd8 43. Qc6 Qe7 44. Ne8+ Kf7 45. Nf6 Ba5 46. Qa8 Bd8 47.
Kg2 Qc7 48. Qc6 Qe7 49. Nh7 Qh4 50. Qxc5 Qxh7 51. Qxa7+ Be7 52. b6 Qh5 53. b7
Qe2+ 54. Qf2 Qxf2+ 55. Kxf2 Bc5+ 56. Kg3 Ba7 57. c5 Bb8 58. Kh4 Kg7 59. c6 Kh6
60. Kg3 g5 0-1

[Event "FRA-ch"]
[Site "?"]
[Date "1994.??.??"]
[Round "?"]
[White "Bauer, Christian"]
[Black "Seret, Jean Luc"]
[Result "1-0"]
[WhiteElo "2420"]
[BlackElo "2425"]
[PlyCount "71"]
[EventDate "1994.08.??"]
[Source "ChessBase"]
[SourceDate "1996.11.15"]

1. e4 e6 2. d4 d5 3. Nd2 dxe4 4. Nxe4 Bd7 5. Nf3 Bc6 6. Bd3 Nf6 7. O-O Nbd7 8.
Ng3 Be7 9. b3 h5 10. Qe2 h4 11. Ne4 Nxe4 12. Bxe4 Bxe4 13. Qxe4 h3 14. g3 c6
15. c4 Qa5 16. Bb2 Bf6 17. Rfd1 O-O-O 18. Qe3 Kb8 19. a4 Qf5 20. a5 a6 21. b4
g5 22. Rab1 g4 23. Ne1 e5 24. d5 cxd5 25. cxd5 Rc8 26. b5 axb5 27. Ba3 e4 28.
Bd6+ Ka8 29. Qb3 Nb8 30. Qxb5 Qd7 31. Qb6 Na6 32. Bf4 Bd8 33. Qd4 Bxa5 34. Be3
b6 35. Ra1 Rhe8 36. Rdb1 1-0

[Event "FRA-ch"]
[Site "?"]
[Date "1994.??.??"]
[Round "?"]
[White "Bricard, Emmanuel"]
[Black "Apicella, Manuel"]
[Result "1/2-1/2"]
[WhiteElo "2455"]
[BlackElo "2465"]
[PlyCount "67"]
[EventDate "1994.08.??"]
[Source "ChessBase"]
[SourceDate "1996.11.15"]

1. e4 e6 2. d4 d5 3. Nd2 Nf6 4. e5 Nfd7 5. f4 c5 6. c3 Nc6 7. Ndf3 Qb6 8. a3
cxd4 9. cxd4 a5 10. b3 Be7 11. h4 h5 12. Ne2 f5 13. Nc3 Ndb8 14. Kf2 Bd7 15.
Be3 Nd8 16. Be2 g6 17. Qc2 Nf7 18. Rhc1 Nh6 19. Kg3 Ng4 20. Bg1 Kf7 21. Na4 Qa7
22. Qc7 Rc8 23. Qb6 Rxc1 24. Rxc1 Bxa4 25. Qxa7 Rxa7 26. bxa4 Nc6 27. Rc3 Ra8
28. Rb3 Nd8 29. Rc3 Nc6 30. Bf2 Nxf2 31. Kxf2 Rc8 32. Ng5+ Bxg5 33. hxg5 Ke7
34. Ke3 1/2-1/2

[Event "FRA-ch"]
[Site "?"]
[Date "1994.??.??"]
[Round "?"]
[White "Bricard, Emmanuel"]
[Black "Koch, Jean Rene"]
[Result "1-0"]
[WhiteElo "2455"]
[BlackElo "2475"]
[PlyCount "70"]
[EventDate "1994.08.??"]
[Source "ChessBase"]
[SourceDate "1996.11.15"]

1. e4 c5 2. Nc3 e6 3. f4 d5 4. Nf3 a6 5. Qe2 Be7 6. d3 Nc6 7. g3 Nd4 8. Qf2
dxe4 9. dxe4 Nxf3+ 10. Qxf3 Bd7 11. Bg2 Bc6 12. Qe2 Nf6 13. O-O Qb6 14. Rb1 O-O
15. Be3 Qc7 16. g4 b5 17. g5 Nd7 18. Nd1 Qb7 19. Nf2 f5 20. Rbe1 Rae8 21. c3 e5
22. Bh3 exf4 23. Bxf4 fxe4 24. Be6+ Kh8 25. Nxe4 c4 26. Qg4 Bxe4 27. Bxd7 Bc5+
28. Be3 Rxf1+ 29. Kxf1 Bd3+ 30. Kf2 Rf8+ 31. Kg3 Bd6+ 32. Kh4 Bxh2 33. Bc5 Rg8
34. Qe6 Bg6 35. Rf1 Qg2 1-0

[Event "FRA-ch"]
[Site "?"]
[Date "1994.??.??"]
[Round "?"]
[White "Bricard, Emmanuel"]
[Black "Prie, Eric"]
[Result "1/2-1/2"]
[WhiteElo "2455"]
[BlackElo "2475"]
[PlyCount "37"]
[EventDate "1994.08.??"]
[Source "ChessBase"]
[SourceDate "1996.11.15"]

1. g3 d5 2. Bg2 c6 3. c4 Nf6 4. Nf3 Bg4 5. Ne5 Be6 6. cxd5 Bxd5 7. Nf3 c5 8.
Nc3 Bc6 9. O-O e6 10. d4 Nbd7 11. Be3 Be7 12. dxc5 Bxc5 13. Bxc5 Nxc5 14. b4
Nce4 15. Nxe4 Bxe4 16. Qa4+ Bc6 17. b5 Bd5 18. Rfd1 O-O 19. Ne1 1/2-1/2

[Event "FRA-ch"]
[Site "?"]
[Date "1994.??.??"]
[Round "?"]
[White "Bricard, Emmanuel"]
[Black "Relange, Eloi"]
[Result "1-0"]
[WhiteElo "2455"]
[BlackElo "2445"]
[PlyCount "75"]
[EventDate "1994.08.??"]
[Source "ChessBase"]
[SourceDate "1996.11.15"]

1. c4 e5 2. Nc3 Nc6 3. Nf3 Nf6 4. d3 g6 5. g3 Bg7 6. Bg2 O-O 7. O-O d6 8. Rb1
a5 9. a3 h6 10. b4 axb4 11. axb4 Be6 12. b5 Ne7 13. Nd2 c6 14. Bb2 Nd7 15. Ra1
Qc7 16. Qc2 f5 17. bxc6 Rxa1 18. Rxa1 bxc6 19. Qa4 Rb8 20. Ra2 d5 21. Ba3 d4
22. Nd1 c5 23. Rb2 Bf8 24. Rxb8 Qxb8 25. Nb2 Kf7 26. Qa5 Nc8 27. Na4 Ncb6 28.
Nxb6 Nxb6 29. Bxc5 Bxc5 30. Qxc5 Na4 31. Qc6 Nc3 32. Bd5 Bxd5 33. cxd5 Nxe2+
34. Kf1 Nc3 35. Nc4 Kg7 36. Kg2 e4 37. d6 e3 38. fxe3 1-0

[Event "FRA-ch"]
[Site "?"]
[Date "1994.??.??"]
[Round "?"]
[White "Bricard, Emmanuel"]
[Black "Seret, Jean Luc"]
[Result "1-0"]
[WhiteElo "2455"]
[BlackElo "2425"]
[PlyCount "57"]
[EventDate "1994.08.??"]
[Source "ChessBase"]
[SourceDate "1996.11.15"]

1. e4 g6 2. d4 c6 3. c3 d6 4. f4 d5 5. e5 h5 6. Be3 Bf5 7. Nd2 e6 8. Ngf3 Nd7
9. Be2 Qb6 10. Qc1 f6 11. O-O g5 12. Nb3 gxf4 13. Bxf4 O-O-O 14. Kh1 h4 15. h3
Bh6 16. Nxh4 fxe5 17. Nxf5 Bxf4 18. Rxf4 exf4 19. Nd6+ Kb8 20. Nf7 Rh4 21. Qe1
Rh7 22. Nxd8 Qxd8 23. Bg4 Ngf6 24. Qxe6 Nxg4 25. Qxg4 Rh4 26. Qf5 Nf6 27. Nc5
Ka8 28. Re1 a6 29. Re6 1-0

[Event "FRA-ch"]
[Site "?"]
[Date "1994.??.??"]
[Round "?"]
[White "Bricard, Emmanuel"]
[Black "Sharif, Mershad"]
[Result "1-0"]
[WhiteElo "2455"]
[BlackElo "2455"]
[PlyCount "67"]
[EventDate "1994.08.??"]
[Source "ChessBase"]
[SourceDate "1996.11.15"]

1. d4 d5 2. c4 e6 3. Nc3 Bb4 4. e3 c5 5. Nf3 Nf6 6. Bd3 cxd4 7. exd4 dxc4 8.
Bxc4 O-O 9. O-O b6 10. Bg5 Bb7 11. Ne5 Be7 12. Qd3 Nc6 13. Rad1 Nb4 14. Qh3
Nfd5 15. Bc1 Rc8 16. Bb3 Nxc3 17. bxc3 Nd5 18. c4 Nf6 19. Bb2 Qc7 20. Rfe1 Rfd8
21. d5 exd5 22. cxd5 Bxd5 23. Bxd5 Rxd5 24. Rxd5 Nxd5 25. Nxf7 Kxf7 26. Qh5+
Kf8 27. Qxd5 Qc5 28. Qf3+ Kg8 29. Qg4 Bf8 30. Qe6+ Kh8 31. g3 Qc6 32. Qf7 a6
33. Re6 Qd5 34. Bxg7+ 1-0

[Event "FRA-ch"]
[Site "?"]
[Date "1994.??.??"]
[Round "?"]
[White "Chabanon, Jean Luc"]
[Black "Bauer, Christian"]
[Result "0-1"]
[WhiteElo "2475"]
[BlackElo "2420"]
[PlyCount "102"]
[EventDate "1994.08.??"]
[Source "ChessBase"]
[SourceDate "1996.11.15"]

1. d4 f5 2. Nc3 Nf6 3. Bg5 d5 4. Bxf6 exf6 5. e3 Be6 6. Bd3 Nc6 7. Qf3 Qd7 8.
a3 Nd8 9. Nge2 Nf7 10. Nf4 Ng5 11. Qe2 g6 12. f3 O-O-O 13. O-O-O c6 14. h4 Nf7
15. h5 Rg8 16. hxg6 hxg6 17. Rh7 Be7 18. Na4 b6 19. Bxf5 gxf5 20. Qa6+ Kb8 21.
Nxb6 axb6 22. Qxb6+ Kc8 23. Rd3 Rde8 24. Rb3 Bd6 25. Qa6+ Kd8 26. Rb7 Bc7 27.
Qa7 Rgf8 28. Ng6 Qd6 29. Nxf8 Rxf8 30. Rb3 Bc8 31. Kb1 Ng5 32. Rh1 f4 33. exf4
Qxf4 34. Rc3 Qd6 35. Qa8 Kd7 36. Re1 Ne6 37. Qa7 Qf4 38. Rd3 Re8 39. g4 Qh2 40.
Qa4 Bb7 41. Qa7 Bc8 42. Rde3 Ng7 43. Rxe8 Nxe8 44. Qc5 Nd6 45. b3 Qg2 46. Qc3
Nb5 47. Qd3 Nxa3+ 48. Kb2 Bd6 49. Qh7+ Kd8 50. Rh1 Bd7 51. Rh6 Qg1 0-1

[Event "FRA-ch"]
[Site "?"]
[Date "1994.??.??"]
[Round "?"]
[White "Chabanon, Jean Luc"]
[Black "Bricard, Emmanuel"]
[Result "1-0"]
[WhiteElo "2475"]
[BlackElo "2455"]
[PlyCount "71"]
[EventDate "1994.08.??"]
[Source "ChessBase"]
[SourceDate "1996.11.15"]

1. d4 d5 2. c4 e6 3. Nc3 Nf6 4. cxd5 Nxd5 5. e4 Nxc3 6. bxc3 c5 7. Nf3 cxd4 8.
cxd4 Bb4+ 9. Bd2 Bxd2+ 10. Qxd2 O-O 11. Bc4 Nc6 12. O-O b6 13. Rad1 Bb7 14.
Rfe1 Na5 15. Bd3 h6 16. Qf4 Qf6 17. Qg4 Rfd8 18. d5 Qe7 19. h4 e5 20. Qg3 f6
21. h5 Qf7 22. Rc1 Rac8 23. Nh4 Rxc1 24. Rxc1 Rc8 25. Rxc8+ Bxc8 26. Ng6 Qc7
27. Be2 Kf7 28. Bg4 Ba6 29. Be6+ Ke8 30. Kh2 Qc1 31. Nxe5 fxe5 32. Qxg7 Qf4+
33. Kh3 Qxf2 34. Qd7+ Kf8 35. Qd8+ Kg7 36. Qg8+ 1-0

[Event "FRA-ch"]
[Site "?"]
[Date "1994.??.??"]
[Round "?"]
[White "Chabanon, Jean Luc"]
[Black "Santo Roman, Marc"]
[Result "1/2-1/2"]
[WhiteElo "2475"]
[BlackElo "2420"]
[PlyCount "112"]
[EventDate "1994.08.??"]
[Source "ChessBase"]
[SourceDate "1996.11.15"]

1. c4 e5 2. Nc3 d6 3. g3 f5 4. Bg2 Nf6 5. d3 g6 6. e4 c6 7. Nge2 Bg7 8. O-O O-O
9. h3 f4 10. gxf4 Nh5 11. f5 Qh4 12. Ng3 Nxg3 13. fxg3 Qxg3 14. Rf3 Qh4 15.
fxg6 hxg6 16. Rxf8+ Bxf8 17. Qf3 Be6 18. Be3 Nd7 19. Rf1 Bh6 20. Bf2 Qg5 21. h4
Qg4 22. Qxg4 Bxg4 23. b4 Kg7 24. Rb1 Bd2 25. Nd1 b6 26. Ne3 Be6 27. Kf1 a5 28.
b5 c5 29. Ke2 Bc3 30. Nf5+ Bxf5 31. exf5 Rh8 32. Bc6 Nf8 33. Be3 Rxh4 34. f6+
Kf7 35. Rf1 Bd4 36. Bd5+ Ke8 37. f7+ Kd7 38. Bg5 Rh2+ 39. Kf3 Rxa2 40. Bh6 Nh7
41. f8=Q Nxf8 42. Bxf8 a4 43. Bh6 a3 44. Be3 Ra1 45. Rf2 Bxe3 46. Kxe3 a2 47.
Re2 g5 48. Bf3 Kc7 49. Bc6 Kd8 50. Ke4 Ke7 51. Kd5 g4 52. Bb7 Kd7 53. Bc6+ Ke7
54. Bb7 Kd7 55. Ke4 Kd8 56. Kd5 Kd7 1/2-1/2

[Event "FRA-ch"]
[Site "?"]
[Date "1994.??.??"]
[Round "?"]
[White "Chabanon, Jean Luc"]
[Black "Seret, Jean Luc"]
[Result "1/2-1/2"]
[WhiteElo "2475"]
[BlackElo "2425"]
[PlyCount "115"]
[EventDate "1994.08.??"]
[Source "ChessBase"]
[SourceDate "1996.11.15"]

1. d4 d6 2. e4 g6 3. Nc3 c6 4. a4 Nf6 5. h3 Qa5 6. Bd2 Bg7 7. Nf3 Nbd7 8. b4
Qc7 9. a5 O-O 10. Bc4 Nxe4 11. Nxe4 d5 12. Bxd5 cxd5 13. Nc3 Qc4 14. Qe2 Qxe2+
15. Kxe2 Nf6 16. g4 Rd8 17. Bf4 h5 18. gxh5 Nxh5 19. Bc7 Rd7 20. Bh2 Nf6 21.
Nb5 Ne8 22. Ne5 Rd8 23. a6 bxa6 24. Nc3 Bxe5 25. Bxe5 Bf5 26. Rxa6 Rac8 27. Kd2
Rc4 28. Ne2 Rxc2+ 29. Ke3 Nd6 30. Ng3 Nc4+ 31. Kf3 Nxe5+ 32. dxe5 Be4+ 33. Nxe4
dxe4+ 34. Kxe4 Rxf2 35. Rxa7 Re2+ 36. Kf3 Rxe5 37. Rb1 Rd3+ 38. Kf2 Rb5 39.
Rxe7 Rxh3 40. Re4 Kg7 41. Rc4 g5 42. Ke2 Kg6 43. Kd2 f5 44. Rc6+ Kh5 45. Rc5
Rxc5 46. bxc5 Kg4 47. c6 Rh8 48. c7 Rc8 49. Rc1 Kf3 50. Rf1+ Ke4 51. Re1+ Kd4
52. Re7 g4 53. Ke2 Kd5 54. Ke3 Kd6 55. Rf7 Ke6 56. Rh7 Kd6 57. Rf7 Ke6 58. Rh7
1/2-1/2

[Event "FRA-ch"]
[Site "?"]
[Date "1994.??.??"]
[Round "?"]
[White "Chomet, Pascal"]
[Black "Anic, Darko"]
[Result "1/2-1/2"]
[WhiteElo "2355"]
[BlackElo "2445"]
[PlyCount "59"]
[EventDate "1994.08.??"]
[Source "ChessBase"]
[SourceDate "1996.11.15"]

1. e4 c6 2. d4 d5 3. exd5 cxd5 4. c4 Nf6 5. Nc3 Nc6 6. Nf3 e6 7. Bg5 Be7 8. Rc1
O-O 9. c5 Ne4 10. Bxe7 Qxe7 11. Bb5 Nxc3 12. Rxc3 e5 13. dxe5 Nxe5 14. Nxe5
Qxe5+ 15. Qe2 Qg5 16. O-O d4 17. Rcc1 Bg4 18. Qe4 Rfd8 19. Bd3 Qg6 20. Qxg6
hxg6 21. Rfe1 Kf8 22. Kf1 a5 23. a3 a4 24. Rc4 Ra5 25. Rec1 Be6 26. Rb4 Bd5 27.
Bb5 Bb3 28. Bd3 Bd5 29. Bb5 Bb3 30. Bd3 1/2-1/2

[Event "FRA-ch"]
[Site "?"]
[Date "1994.??.??"]
[Round "?"]
[White "Chomet, Pascal"]
[Black "Bauer, Christian"]
[Result "0-1"]
[WhiteElo "2355"]
[BlackElo "2420"]
[PlyCount "146"]
[EventDate "1994.08.??"]
[Source "ChessBase"]
[SourceDate "1996.11.15"]

1. e4 e6 2. d4 d5 3. Nc3 Nf6 4. Bg5 Bb4 5. exd5 Qxd5 6. Nf3 c5 7. dxc5 Qxc5 8.
Bd2 Nc6 9. Bd3 O-O 10. O-O e5 11. Ng5 Bg4 12. Qe1 Rad8 13. Na4 Bxd2 14. Nxc5
Bxe1 15. Rfxe1 Bc8 16. Nf3 Rfe8 17. Bb5 Rd5 18. Bxc6 bxc6 19. Nb3 e4 20. Nfd2
h5 21. Nf1 h4 22. Rad1 h3 23. Ne3 Rg5 24. g3 Ng4 25. Nxg4 Bxg4 26. Rd4 Rd5 27.
f4 Rxd4 28. Nxd4 Rd8 29. Nb3 Be6 30. Kf2 Bxb3 31. cxb3 Rd2+ 32. Ke3 Rxb2 33.
Kxe4 Rxa2 34. Kf5 Rxh2 35. Kg4 Rb2 36. Kxh3 Rxb3 37. Re8+ Kh7 38. Re7 a5 39.
Rxf7 c5 40. Kg2 a4 41. Rc7 Rc3 42. Ra7 a3 43. Kh3 Rb3 44. Ra4 Kg6 45. Kg4 Kf6
46. Ra6+ Ke7 47. f5 c4 48. Kf4 Rd3 49. Re6+ Kd7 50. Ra6 Ke7 51. g4 c3 52. Rxa3
c2 53. Rxd3 c1=Q+ 54. Re3+ Kd6 55. Kf3 Qf1+ 56. Ke4 Qc4+ 57. Kf3 Kd5 58. Re2
Qd3+ 59. Re3 Qf1+ 60. Kg3 Qg1+ 61. Kf3 Kd4 62. Re4+ Kd3 63. Re6 Qc5 64. Kf4
Qc1+ 65. Kf3 Kd4 66. Rd6+ Ke5 67. Re6+ Kd5 68. Rg6 Qc7 69. g5 Ke5 70. f6 Qc3+
71. Kg4 Qc4+ 72. Kh5 Qe2+ 73. Kh4 Kf5 0-1

[Event "FRA-ch"]
[Site "?"]
[Date "1994.??.??"]
[Round "?"]
[White "Chomet, Pascal"]
[Black "Bricard, Emmanuel"]
[Result "1/2-1/2"]
[WhiteElo "2355"]
[BlackElo "2455"]
[PlyCount "62"]
[EventDate "1994.08.??"]
[Source "ChessBase"]
[SourceDate "1996.11.15"]

1. e4 g6 2. d4 d6 3. Bc4 Bg7 4. Qf3 e6 5. Ne2 Nd7 6. Nbc3 Ne7 7. h4 h6 8. Qg3
e5 9. dxe5 dxe5 10. f4 c6 11. h5 b5 12. Bb3 Nc5 13. hxg6 fxg6 14. fxe5 Nxb3 15.
axb3 Be6 16. Bf4 g5 17. Rd1 Qc8 18. Bxg5 hxg5 19. Rxh8+ Bxh8 20. Qxg5 Kf7 21.
Nf4 Kf8 22. Rd6 Bf7 23. e6 Be8 24. e5 Qa6 25. Ne4 Qa1+ 26. Kd2 Qf1 27. Nf6 Bg7
28. Nh7+ Kg8 29. Nf6+ Kf8 30. Nh7+ Kg8 31. Nf6+ Kf8 1/2-1/2